[Event "5. HSK Oster-Open 2019"]
[Site "Hamburg"]
[Date "2019.04.19"]
[Round "1.1"]
[White "Genov, Petar"]
[Black "Eberhardt, Michael"]
[Result "1-0"]
[WhiteElo "2431"]
[BlackElo "1770"]
[PlyCount "85"]
[EventDate "2019.04.19"]

1. e4 d5 2. Nc3 dxe4 3. Nxe4 Bf5 4. Ng3 Bg6 5. Nf3 e6 6. h4 h6 7. Ne5 Bh7 8.
Qf3 Nf6 9. Qxb7 Nbd7 10. Nc6 Qc8 11. Ba6 Nb6 12. Qxc8+ Nxc8 13. Bb7 Nb6 14.
Bxa8 Nxa8 15. d3 Bd6 16. Bd2 O-O 17. a4 Nb6 18. a5 Nbd5 19. Nxa7 c5 20. Nb5 Be5
21. Bc3 Nxc3 22. bxc3 Nd5 23. Kd2 f5 24. c4 Bxa1 25. Rxa1 Nb4 26. a6 Ra8 27. a7
Nc6 28. Ra6 Nxa7 29. Rxa7 Rxa7 30. Nxa7 Kf7 31. Nc6 Ke8 32. f4 Bg8 33. Ne5 Ke7
34. Ke3 Bf7 35. Nxf7 Kxf7 36. Ne2 Kf6 37. Nc3 e5 38. Na4 exf4+ 39. Kxf4 g5+ 40.
hxg5+ hxg5+ 41. Kg3 Ke5 42. Nxc5 Kd6 43. d4 1-0

[Event "5. HSK Oster-Open 2019"]
[Site "Hamburg"]
[Date "2019.04.19"]
[Round "1.2"]
[White "Ziefle, Stefan"]
[Black "Meissner, Felix"]
[Result "0-1"]
[WhiteElo "1722"]
[BlackElo "2410"]
[PlyCount "100"]
[EventDate "2019.04.19"]

1. Nf3 Nf6 2. g3 g6 3. Bg2 Bg7 4. O-O O-O 5. c4 d5 6. cxd5 Nxd5 7. Nc3 Nb6 8.
d4 Nc6 9. e3 Re8 10. Ng5 e5 11. d5 Na5 12. h4 Nac4 13. Qf3 Qe7 14. b3 Nd6 15.
Ba3 h5 16. Qd1 Bg4 17. f3 Bd7 18. Rc1 Bh6 19. Qd3 Bxg5 20. hxg5 Qxg5 21. Bxd6
cxd6 22. Ne4 Qe7 23. Rc7 Rab8 24. Rfc1 f5 25. Nd2 Rec8 26. a4 Rxc7 27. Rxc7 Qd8
28. Rc1 Rc8 29. Rxc8 Qxc8 30. g4 Qc5 31. gxf5 Bxf5 32. Ne4 Qb4 33. Qd2 Qxd2 34.
Nxd2 Kf8 35. e4 Bd7 36. Kh2 Ke7 37. Bh3 Be8 38. Bf1 Kf6 39. a5 Na8 40. Nc4 Bb5
41. Bh3 Bxc4 42. bxc4 b6 43. a6 Nc7 44. Bc8 b5 45. cxb5 Nxb5 46. Kg3 Kg5 47.
Bd7 Nd4 48. Be8 h4+ 49. Kf2 Kf4 50. Bxg6 Nxf3 0-1

[Event "5. HSK Oster-Open 2019"]
[Site "Hamburg"]
[Date "2019.04.19"]
[Round "1.3"]
[White "Pfreundt, Jakob"]
[Black "Hinnenberg, Benjamin"]
[Result "1-0"]
[WhiteElo "2381"]
[BlackElo "1689"]
[PlyCount "135"]
[EventDate "2019.04.19"]

1. c4 Nf6 2. g3 c6 3. Nf3 d5 4. b3 g6 5. Bb2 Bg7 6. Bg2 O-O 7. O-O dxc4 8. bxc4
Qb6 9. Qc2 Bf5 10. d3 c5 11. Nc3 Bd7 12. Rab1 Qc7 13. Rfc1 Bc6 14. e4 e6 15.
Nb5 Qe7 16. Be5 Bxb5 17. cxb5 Nbd7 18. Bf4 Rfd8 19. h3 b6 20. d4 Rac8 21. Qe2
Nh5 22. Bg5 Bf6 23. Be3 cxd4 24. Nxd4 Bxd4 25. Bxd4 e5 26. Be3 Nc5 27. Qg4 Ng7
28. Bg5 f6 29. Be3 Qe6 30. Qf3 Nd3 31. Rxc8 Rxc8 32. Bf1 Nc5 33. Rc1 Qe7 34.
Bc4+ Kh8 35. Bd5 Nge6 36. Qg4 Re8 37. Rd1 Kg7 38. h4 h5 39. Qe2 Rf8 40. Bc1 Nd4
41. Qe3 g5 42. Bc4 Kg6 43. Kg2 f5 44. exf5+ Nxf5 45. Qxg5+ Qxg5 46. Bxg5 Ne4
47. Re1 Nxg5 48. hxg5 Re8 49. f4 Nxg3 50. Kxg3 exf4+ 51. Kf2 Rc8 52. Re4 Kxg5
53. Kf3 Rf8 54. Re5+ Kh6 55. Re6+ Kg5 56. Bd3 Rd8 57. Rg6+ Kh4 58. Be4 Rd2 59.
a4 Kh3 60. Bf5+ Kh2 61. Rh6 Rd4 62. Rxh5+ Kg1 63. Bc2 Rc4 64. Rg5+ Kh2 65. Rg2+
Kh1 66. Rd2 Kg1 67. Rd1+ Kh2 68. Be4 1-0

[Event "5. HSK Oster-Open 2019"]
[Site "Hamburg"]
[Date "2019.04.19"]
[Round "1.4"]
[White "Lu, Siyuan"]
[Black "Tomov, Georgi"]
[Result "0-1"]
[WhiteElo "1667"]
[BlackElo "2319"]
[PlyCount "74"]
[EventDate "2019.04.19"]

1. d4 d5 2. c4 e6 3. Nc3 a6 4. Nf3 Nf6 5. e3 c5 6. cxd5 Nxd5 7. Nxd5 Qxd5 8.
Be2 Nc6 9. dxc5 Qxd1+ 10. Bxd1 Bxc5 11. a3 Be7 12. b3 Bf6 13. Ra2 b6 14. Bb2
Bb7 15. O-O Ke7 16. Bxf6+ gxf6 17. Be2 Rhg8 18. g3 Rac8 19. Rd1 Rgd8 20. Rad2
Rxd2 21. Rxd2 Ne5 22. Nxe5 fxe5 23. Bf1 a5 24. b4 Rc1 25. b5 Bd5 26. f4 exf4
27. exf4 Bc4 28. Rf2 Bxb5 29. Kg2 Bxf1+ 30. Rxf1 Rxf1 31. Kxf1 b5 32. Ke2 Kd6
33. Kd3 Kc5 34. Kc3 h5 35. h3 f5 36. Kd3 Kd5 37. h4 b4 0-1

[Event "5. HSK Oster-Open 2019"]
[Site "Hamburg"]
[Date "2019.04.19"]
[Round "1.5"]
[White "Lammers, Markus"]
[Black "Fuhrmann, Bahne"]
[Result "1-0"]
[WhiteElo "2318"]
[BlackElo "1662"]
[PlyCount "35"]
[EventDate "2019.04.19"]

1. Nf3 Nf6 2. c4 e6 3. e3 b6 4. Be2 Bb7 5. O-O Be7 6. b3 O-O 7. Bb2 d6 8. d4
Ne4 9. Ne1 Bg5 10. Nc2 f5 11. f3 Nf6 12. Qd3 Nbd7 13. Nc3 a6 14. b4 h5 15. d5
Ne5 16. Qd2 Ng6 17. Nd4 e5 18. Ne6 1-0

[Event "5. HSK Oster-Open 2019"]
[Site "Hamburg"]
[Date "2019.04.19"]
[Round "1.6"]
[White "Koch, Ralf-Johannes"]
[Black "Höffer, David"]
[Result "0-1"]
[WhiteElo "1730"]
[BlackElo "2314"]
[PlyCount "26"]
[EventDate "2019.04.19"]

1. e4 c5 2. b3 e5 3. Nc3 Nf6 4. d3 Be7 5. f4 d6 6. Nf3 Nc6 7. Be2 Bg4 8. Nd5
exf4 9. Nxe7 Qxe7 10. Bxf4 d5 11. exd5 Nxd5 12. Qd2 Bxf3 13. gxf3 Qf6 0-1

[Event "5. HSK Oster-Open 2019"]
[Site "Hamburg"]
[Date "2019.04.19"]
[Round "1.7"]
[White "Trisic, Aleksandar"]
[Black "Genov, Valentin"]
[Result "1/2-1/2"]
[WhiteElo "2307"]
[BlackElo "1727"]
[PlyCount "47"]
[EventDate "2019.04.19"]

1. d4 Nf6 2. Nf3 e6 3. c4 c5 4. e3 cxd4 5. exd4 d5 6. Nc3 Be7 7. Bd3 Nc6 8. O-O
O-O 9. Bg5 Nb4 10. Be2 dxc4 11. Bxc4 b6 12. Qe2 Bb7 13. Rad1 Nbd5 14. Ne5 Rc8
15. Rfe1 Nxc3 16. bxc3 Ne4 17. Bd2 Qc7 18. Rc1 Nxd2 19. Qxd2 Bd5 20. Ba6 Bb7 {
(=)} 21. Bd3 Rfd8 22. Qc2 g6 23. f3 Bg5 24. Qf2 1/2-1/2

[Event "5. HSK Oster-Open 2019"]
[Site "Hamburg"]
[Date "2019.04.19"]
[Round "1.8"]
[White "Rennspieß, Jens"]
[Black "Reddmann, Hauke"]
[Result "0-1"]
[WhiteElo "1703"]
[BlackElo "2254"]
[PlyCount "76"]
[EventDate "2019.04.19"]

1. e4 c5 2. Nf3 d6 3. d4 cxd4 4. Nxd4 Nf6 5. Nc3 a6 6. Be2 b5 7. Bf3 Ra7 8. Be3
Rd7 9. Qd2 Bb7 10. Nd5 e6 11. Nxf6+ Qxf6 12. O-O-O Be7 13. Kb1 Qg6 14. Qd3 O-O
15. h4 h6 16. g4 Rc8 17. g5 h5 18. Qe2 Bxe4 19. Bxh5 Qh7 20. g6 Bxg6 21. Bxg6
Qxg6 22. h5 Qh7 23. h6 g6 24. Rhg1 Nc6 25. Nxe6 fxe6 26. Qh5 Ne5 27. f4 Kf7 28.
Qh3 Nc4 29. Bd4 Bf6 30. Bxf6 Kxf6 31. Rde1 Re7 32. f5 g5 33. fxe6 Nd2+ 34. Ka1
Qxc2 35. h7 Rxh7 36. Qg4 Rc5 37. Qd4+ Ke7 38. Rh1 Nf3 0-1

[Event "5. HSK Oster-Open 2019"]
[Site "Hamburg"]
[Date "2019.04.19"]
[Round "1.9"]
[White "Bracker, Arne"]
[Black "Summers, Jan"]
[Result "1-0"]
[WhiteElo "2199"]
[BlackElo "1680"]
[PlyCount "29"]
[EventDate "2019.04.19"]

1. e4 c5 2. Nf3 Nc6 3. Bb5 g6 4. O-O Bg7 5. Re1 e5 6. b4 Nxb4 7. Bb2 Qa5 8. a3
Qxb5 9. Nc3 Qc6 10. axb4 cxb4 11. Nd5 d6 12. d4 f6 13. c3 bxc3 14. Rc1 cxb2 15.
Rxc6 1-0

[Event "5. HSK Oster-Open 2019"]
[Site "Hamburg"]
[Date "2019.04.19"]
[Round "1.10"]
[White "Kipke, Kevin"]
[Black "Kahlert, Thomas"]
[Result "0-1"]
[WhiteElo "1684"]
[BlackElo "2174"]
[PlyCount "60"]
[EventDate "2019.04.19"]

1. e4 e5 2. Nf3 Nc6 3. d4 exd4 4. Nxd4 Nf6 5. Nxc6 bxc6 6. e5 Qe7 7. Qe2 Nd5 8.
c4 Nb6 9. b3 a5 10. Bb2 a4 11. Qc2 Qe6 12. Bd3 axb3 13. axb3 Bb4+ 14. Nd2 Rxa1+
15. Bxa1 Qh6 16. Bd4 O-O 17. Be3 Qh5 18. f4 d6 19. O-O Nd7 20. Rf3 Nc5 21. Bxc5
Bxc5+ 22. Kh1 Bg4 23. Rf1 dxe5 24. fxe5 h6 25. Nf3 Bxf3 26. Rxf3 Qxe5 27. Bh7+
Kh8 28. Qe4 Qb2 29. Qc2 Qd4 30. Rf1 g6 0-1

[Event "5. HSK Oster-Open 2019"]
[Site "Hamburg"]
[Date "2019.04.19"]
[Round "1.11"]
[White "Franke, Lutz"]
[Black "Grabbel, Torben Frederik"]
[Result "1-0"]
[WhiteElo "2156"]
[BlackElo "1573"]
[PlyCount "115"]
[EventDate "2019.04.19"]

1. d4 d5 2. c4 e6 3. Nc3 Nf6 4. Bg5 Be7 5. Nf3 O-O 6. Rc1 c6 7. e3 Nbd7 8. Qc2
h6 9. Bh4 Re8 10. h3 Qc7 11. cxd5 exd5 12. Bg3 Bd6 13. Bxd6 Qxd6 14. Bd3 Qe7
15. O-O Ne4 16. Rb1 Ndf6 17. b4 Nxc3 18. Qxc3 Ne4 19. Qc2 a6 20. a4 Bd7 21. Ne5
Nd6 22. Qc5 Ne4 23. Bxe4 dxe4 24. Qxe7 Rxe7 25. b5 cxb5 26. Nxd7 Rxd7 27. axb5
a5 28. Rfc1 a4 29. b6 Kf8 30. Ra1 Rd6 31. Rc4 a3 32. Rc3 Rxb6 33. Raxa3 Rb1+
34. Kh2 Rb8 35. Rc7 Rb5 36. g4 g5 37. Kg3 Ke8 38. Ra7 Kf8 39. Ra3 Ke8 40. f3
exf3 41. Kxf3 Rd5 42. Rb3 Rd7 43. Rc5 Rd6 44. d5 Kd7 45. e4 f6 46. Ke3 b6 47.
Rc2 Ra8 48. Rcc3 Rc8 49. Kd4 Rxc3 50. Rxc3 Kd8 51. e5 fxe5+ 52. Kxe5 Kd7 53.
Ra3 Ke7 54. Ra7+ Rd7 55. d6+ Ke8 56. Ra6 Rb7 57. Ke6 Rb8 58. Ra7 1-0

[Event "5. HSK Oster-Open 2019"]
[Site "Hamburg"]
[Date "2019.04.19"]
[Round "1.12"]
[White "Raedisch, Peter"]
[Black "Brinkmann, Fabian"]
[Result "0-1"]
[WhiteElo "1660"]
[BlackElo "2136"]
[PlyCount "68"]
[EventDate "2019.04.19"]

1. e4 c6 2. Nf3 d5 3. exd5 cxd5 4. d4 Nc6 5. c3 Nf6 6. h3 Bf5 7. Be3 e6 8. Nbd2
Bd6 9. Nh4 Be4 10. Nxe4 Nxe4 11. Nf3 O-O 12. Nd2 f5 13. Nxe4 fxe4 14. Be2 Qf6
15. O-O Ne7 16. Qd2 Nf5 17. Bf4 Bxf4 18. Qxf4 Nxd4 19. Qg4 Nf5 20. Rae1 Qh6 21.
Qh5 Qd2 22. Qg4 Rf6 23. Bd1 Rg6 24. Qe2 Qf4 25. Kh1 Rxg2 26. Kxg2 Nh4+ 27. Kh1
Nf3 28. Qxf3 exf3 29. Rg1 e5 30. Rg4 Qd2 31. Reg1 Qxf2 32. Rxg7+ Kh8 33. Bb3
Qh4 34. Kh2 f2 0-1

[Event "5. HSK Oster-Open 2019"]
[Site "Hamburg"]
[Date "2019.04.19"]
[Round "1.13"]
[White "Günther, Patrick"]
[Black "Kort, Felix"]
[Result "1-0"]
[WhiteElo "2065"]
[BlackElo "1654"]
[PlyCount "73"]
[EventDate "2019.04.19"]

1. d4 Nf6 2. c4 e6 3. Nf3 b6 4. a3 Bb7 5. Nc3 d5 6. cxd5 Nxd5 7. Qc2 Nd7 8. e4
Nxc3 9. bxc3 c5 10. Bd3 cxd4 11. cxd4 Rc8 12. Qe2 Nf6 13. O-O Be7 14. Re1 O-O
15. Bb2 Rc7 16. Rad1 Nh5 17. Qe3 Nf6 18. Qf4 Bd6 19. Qh4 Be7 20. Qh3 Bc8 21. e5
h6 22. exf6 Bxf6 23. Qg4 e5 24. Qe4 g6 25. dxe5 Bg7 26. Qe3 Rd7 27. Be2 Bb7 28.
Rxd7 Qxd7 29. h3 Rc8 30. Bd3 Qa4 31. Bb1 Qb5 32. Bd4 Qa4 33. e6 Bxf3 34. exf7+
Kxf7 35. Qe6+ Kf8 36. Qe7+ Kg8 37. Qxg7# 1-0

[Event "5. HSK Oster-Open 2019"]
[Site "Hamburg"]
[Date "2019.04.19"]
[Round "1.14"]
[White "Kipke, Mark"]
[Black "Warns, Heiko"]
[Result "0-1"]
[WhiteElo "1623"]
[BlackElo "2092"]
[PlyCount "76"]
[EventDate "2019.04.19"]

1. e4 c5 2. c3 d5 3. exd5 Qxd5 4. d4 e6 5. Nf3 Nf6 6. Be3 cxd4 7. cxd4 Bd7 8.
Nc3 Bb4 9. Bd3 Bb5 10. O-O Bxc3 11. Bxb5+ Qxb5 12. bxc3 Nc6 13. Qb3 Qa6 14. a4
Na5 15. Qb5+ Qxb5 16. axb5 b6 17. Rfc1 Nb3 18. Nd2 Nxa1 19. Rxa1 Ke7 20. Kf1 h6
21. c4 Rhd8 22. Nb3 Ng4 23. h3 Nxe3+ 24. fxe3 e5 25. d5 Rdc8 26. Nd2 f5 27. Ke2
Rc7 28. Kd3 Kd6 29. e4 f4 30. Nf3 g5 31. h4 g4 32. Nh2 h5 33. Nf1 a6 34. Nd2
Rca7 35. Rb1 axb5 36. Rxb5 Ra3+ 37. Nb3 R8a6 38. Kc3 Ra2 0-1

[Event "5. HSK Oster-Open 2019"]
[Site "Hamburg"]
[Date "2019.04.19"]
[Round "1.15"]
[White "Noack, Reiner"]
[Black "Eggers, Heiko"]
[Result "1-0"]
[WhiteElo "2082"]
[BlackElo "1616"]
[PlyCount "61"]
[EventDate "2019.04.19"]

1. d4 g6 2. c4 Bg7 3. Nc3 d6 4. e4 Nf6 5. Be2 O-O 6. Bg5 Nbd7 7. Qd2 e5 8. d5
Nc5 9. f3 a5 10. h4 Bd7 11. h5 Qc8 12. hxg6 fxg6 13. g4 Bxg4 14. Bxf6 Rxf6 15.
fxg4 Rf4 16. Qe3 Qf8 17. Nh3 Rf6 18. g5 Rf7 19. Nf2 Rf4 20. Qh3 h5 21. gxh6 Bf6
22. Qg3 Kh7 23. Rh2 Qe7 24. O-O-O Bg5 25. Kb1 Bxh6 26. Ng4 Nxe4 27. Nxe4 Rxe4
28. Rxh6+ Kg7 29. Rdh1 Rxe2 30. Rh7+ Kf8 31. Rh8+ 1-0

[Event "5. HSK Oster-Open 2019"]
[Site "Hamburg"]
[Date "2019.04.19"]
[Round "1.16"]
[White "Roth, Paul Konstantin"]
[Black "Grötzbach, Daniel"]
[Result "0-1"]
[WhiteElo "1608"]
[BlackElo "2067"]
[PlyCount "44"]
[EventDate "2019.04.19"]

1. d4 d5 2. c4 c6 3. Nf3 Nf6 4. Nc3 e6 5. Bg5 Nbd7 6. e3 Qa5 7. Bh4 Ne4 8. Qb3
g5 9. Bg3 h5 10. h4 g4 11. Nd2 Nxg3 12. fxg3 Bh6 13. Nd1 Qc7 14. Kf2 O-O 15.
Rc1 e5 16. cxd5 exd4 17. dxc6 bxc6 18. Ne4 Qe5 19. Ng5 Nc5 20. Qc2 Bxg5 21.
Qxc5 Bxe3+ 22. Nxe3 Qxe3# 0-1

[Event "5. HSK Oster-Open 2019"]
[Site "Hamburg"]
[Date "2019.04.19"]
[Round "1.17"]
[White "Avdic, Faris"]
[Black "Klawitter, Bernd"]
[Result "1-0"]
[WhiteElo "2043"]
[BlackElo "1590"]
[PlyCount "61"]
[EventDate "2019.04.19"]

1. d4 Nf6 2. Nf3 d5 3. c4 dxc4 4. e3 b5 5. a4 b4 6. Bxc4 Bb7 7. O-O e6 8. Nbd2
Be7 9. Re1 O-O 10. Bd3 a5 11. b3 h6 12. Nc4 Nbd7 13. Bb2 Ne4 14. Nfe5 Nxe5 15.
Nxe5 Bf6 16. Qc2 Bxe5 17. dxe5 Qd5 18. Red1 g6 19. f3 Nc5 20. Bc4 Qc6 21. Bb5
Qb6 22. Bd4 c6 23. Bxc5 Qc7 24. Bxf8 Rxf8 25. Rd6 Qb6 26. Kf2 Qa7 27. Bxc6 Rc8
28. Rd7 Rxc6 29. Qxc6 Qxe3+ 30. Kxe3 Bxc6 31. Ra7 1-0

[Event "5. HSK Oster-Open 2019"]
[Site "Hamburg"]
[Date "2019.04.19"]
[Round "1.18"]
[White "Fuhrmann, Frederik"]
[Black "Callsen, Niklas"]
[Result "0-1"]
[WhiteElo "1550"]
[BlackElo "2043"]
[PlyCount "68"]
[EventDate "2019.04.19"]

1. c4 Nf6 2. g3 g6 3. Bg2 Bg7 4. Nc3 O-O 5. e3 c5 6. Nge2 d6 7. O-O Nc6 8. a3
Bd7 9. h3 Qc8 10. Kh2 h5 11. Nf4 Re8 12. Ncd5 Nh7 13. Rb1 e5 14. Ne2 e4 15. b3
Ne5 16. Ng1 Ng5 17. Nf4 Bf5 18. Bb2 Rb8 19. Bxe5 Bxe5 20. d3 b5 21. f3 exf3 22.
Nxf3 Nxf3+ 23. Rxf3 Bxf4 24. exf4 bxc4 25. bxc4 Rxb1 26. Qxb1 Re2 27. Qd1 Qe6
28. a4 Bxh3 29. f5 Bxf5 30. Qf1 Bh3 31. Rf2 Re1 32. Rf6 Rxf1 33. Rxe6 fxe6 34.
Bxf1 Bxf1 0-1

[Event "5. HSK Oster-Open 2019"]
[Site "Hamburg"]
[Date "2019.04.19"]
[Round "1.19"]
[White "Renger, Maik"]
[Black "Mi, Gufeng"]
[Result "1-0"]
[WhiteElo "2029"]
[BlackElo "1547"]
[PlyCount "147"]
[EventDate "2019.04.19"]

1. d4 g6 2. c4 Nf6 3. Nc3 d6 4. e4 Bg7 5. f3 Nbd7 6. Be3 c6 7. Nge2 Qb6 8. Qd2
h6 9. e5 Ng8 10. d5 c5 11. exd6 exd6 12. Ng3 Ngf6 13. Be2 Ne5 14. O-O h5 15.
Rab1 Qd8 16. b4 b6 17. bxc5 bxc5 18. Rfe1 O-O 19. Bg5 Qd7 20. h3 Ba6 21. Nb5
Bxb5 22. Rxb5 Qc7 23. Reb1 Rab8 24. Bh6 Rxb5 25. Rxb5 Re8 26. Bxg7 Kxg7 27. Qg5
Qc8 28. f4 Nh7 29. Qh4 Nd7 30. Rb3 Nhf6 31. Rf3 Qb8 32. Bd3 Kg8 33. Nf1 Qb2 34.
Qg3 Qd4+ 35. Kh2 Ne4 36. Bxe4 Rxe4 37. Ne3 Qf6 38. Qf2 Nf8 39. g3 Nd7 40. Qc2
Qd4 41. Qb3 Qd2+ 42. Kg1 Qe1+ 43. Nf1 Nb6 44. Re3 Rxe3 45. Qxe3 Qa1 46. Qe2 Qc3
47. Ne3 Nxc4 48. Nxc4 Qxg3+ 49. Qg2 Qxf4 50. Nd2 Qd4+ 51. Kh2 c4 52. Ne4 c3 53.
Qc2 Qe5+ 54. Kh1 Kf8 55. Nxc3 Qe1+ 56. Kg2 Qe5 57. Qd3 Qg5+ 58. Kf2 Qf4+ 59.
Ke2 Qh2+ 60. Kd1 Qg1+ 61. Kc2 Qf2+ 62. Kb3 Qb6+ 63. Qb5 Qd8 64. a4 Kg7 65. a5
Qc8 66. a6 Qxh3 67. Qb7 Qg3 68. Qxa7 Qf3 69. Qb6 h4 70. Qd4+ Qf6 71. Qxf6+ Kxf6
72. a7 Kg7 73. a8=Q h3 74. Qd8 1-0

[Event "5. HSK Oster-Open 2019"]
[Site "Hamburg"]
[Date "2019.04.19"]
[Round "1.20"]
[White "Lohmann, Rene Alexander"]
[Black "Kotyk, Michael"]
[Result "1/2-1/2"]
[WhiteElo "1499"]
[BlackElo "1960"]
[PlyCount "100"]
[EventDate "2019.04.19"]

1. d4 Nf6 2. Bf4 d5 3. e3 c5 4. c3 Nc6 5. Nd2 e6 6. Ngf3 Bd6 7. Bg3 O-O 8. Bd3
b6 9. Qe2 Bb7 10. Rd1 Qc7 11. e4 dxe4 12. Nxe4 Nxe4 13. Bxe4 cxd4 14. Bxd6 Qxd6
15. Nxd4 Qc5 16. Nxc6 Bxc6 17. Bxc6 Qxc6 18. O-O Rae8 19. c4 e5 20. b4 f5 21.
Qc2 f4 22. c5 e4 23. Rc1 f3 24. cxb6 Qg6 25. g3 Qg4 26. Kh1 axb6 27. Rg1 Rf6
28. Qd1 Rh6 29. Qf1 Rh3 30. Qc4+ Kh8 31. Qd5 Rh5 32. Qf7 Rg8 33. Qf4 Qh3 34. g4
Rh6 35. Qg3 Re8 36. Rce1 g5 37. Qxh3 Rxh3 38. Rg3 Rxg3 39. hxg3 Kg7 40. a4 Kg6
41. a5 bxa5 42. bxa5 h5 43. gxh5+ Kxh5 44. Kh2 Kg4 45. a6 Kf5 46. a7 Rh8+ 47.
Kg1 Ra8 48. Ra1 Ke5 49. Kf1 Kf5 50. Ke1 Ke5 1/2-1/2

[Event "5. HSK Oster-Open 2019"]
[Site "Hamburg"]
[Date "2019.04.19"]
[Round "1.21"]
[White "Aumüller, Ingo"]
[Black "Dusper, Zdravko"]
[Result "1-0"]
[WhiteElo "1983"]
[BlackElo "1524"]
[PlyCount "43"]
[EventDate "2019.04.19"]

1. e4 d5 2. exd5 Qxd5 3. Nc3 Qa5 4. d4 Nf6 5. Bc4 Na6 6. Nf3 Bg4 7. Bd2 Qh5 8.
Qe2 Nb4 9. O-O-O O-O-O 10. Nb5 Nc6 11. Bf4 Nd5 12. Bxd5 Rxd5 13. Nxc7 Rxd4 14.
Rxd4 Nxd4 15. Qc4 Bxf3 16. Qxd4 e5 17. Bxe5 f6 18. Bf4 Bc5 19. Qc4 Bc6 20. Rd1
Rd8 21. Rxd8+ Kxd8 22. Ne6+ 1-0

[Event "5. HSK Oster-Open 2019"]
[Site "Hamburg"]
[Date "2019.04.19"]
[Round "1.22"]
[White "Hinrichs, Winfried"]
[Black "Apitzsch, Leon Fabian"]
[Result "0-1"]
[WhiteElo "1514"]
[BlackElo "1971"]
[PlyCount "106"]
[EventDate "2019.04.19"]

1. e4 e5 2. Nf3 Nc6 3. Bb5 a6 4. Bxc6 dxc6 5. O-O Bd6 6. d4 exd4 7. Nxd4 Nf6 8.
Re1 Bc5 9. c3 O-O 10. Bg5 h6 11. Bh4 Be7 12. Qc2 c5 13. Nf3 Nh5 14. Bxe7 Qxe7
15. Nbd2 b6 16. Nf1 Bb7 17. N3d2 Rfe8 18. Ng3 Nxg3 19. hxg3 Qe6 20. b3 Qg6 21.
Re3 Re7 22. Rae1 Rae8 23. Qd3 Bc6 24. f4 Rd7 25. Qe2 Red8 26. Nf3 Qg4 27. Ne5
Qxe2 28. R3xe2 Rd6 29. Nxc6 Rxc6 30. Kf2 Rcd6 31. Kf3 a5 32. e5 Rd5 33. c4 Rd4
34. Re3 a4 35. e6 fxe6 36. Rxe6 R8d7 37. R6e3 Kf7 38. R1e2 Kf6 39. Re6+ Kf7 40.
R6e3 h5 41. Re5 g6 42. f5 g5 43. Re6 Rd3+ 44. Kf2 axb3 45. axb3 Rxb3 46. Rh6
Rd6 47. Rh7+ Kf6 48. Rxc7 Kxf5 49. Rf7+ Kg6 50. Ree7 Rf6+ 51. Rxf6+ Kxf6 52.
Rc7 Kf5 53. Rf7+ Kg4 0-1

[Event "5. HSK Oster-Open 2019"]
[Site "Hamburg"]
[Date "2019.04.19"]
[Round "1.23"]
[White "Giacometto, Mario"]
[Black "Grotrian, Peter"]
[Result "1-0"]
[WhiteElo "1965"]
[BlackElo "1511"]
[PlyCount "87"]
[EventDate "2019.04.19"]

1. e4 c5 2. Nf3 d6 3. d4 cxd4 4. Nxd4 Nf6 5. Nc3 a6 6. Be3 e5 7. Nb3 Be7 8. f3
Be6 9. Qd2 d5 10. exd5 Nxd5 11. Nxd5 Qxd5 12. Qxd5 Bxd5 13. O-O-O Bxb3 14. axb3
Nd7 15. Bc4 Rd8 16. Bd5 Bc5 17. Bxc5 Nxc5 18. b4 Ne6 19. Bxb7 Rb8 20. Bc6+ Ke7
21. Rd7+ Kf6 22. c3 Rhc8 23. Bb7 Rc7 24. Rxc7 Nxc7 25. Be4 h6 26. Kc2 Rd8 27.
Ra1 Ke6 28. Ra5 f5 29. Bb7 Rd6 30. Rc5 Nd5 31. Bxd5+ Rxd5 32. Rc6+ Rd6 33. Rc7
g6 34. c4 e4 35. fxe4 fxe4 36. c5 Rd5 37. Rc6+ Ke5 38. Rxa6 e3 39. Ra8 Ke4 40.
Re8+ Kf4 41. Kc3 Rd2 42. b5 Rxg2 43. b6 Kf3 44. b7 1-0

[Event "5. HSK Oster-Open 2019"]
[Site "Hamburg"]
[Date "2019.04.19"]
[Round "1.24"]
[White "Queißer, Jens"]
[Black "Streich, Justus"]
[Result "0-1"]
[WhiteElo "1431"]
[BlackElo "1963"]
[PlyCount "94"]
[EventDate "2019.04.19"]

1. g3 d5 2. Bg2 Nf6 3. Nf3 e6 4. d3 Be7 5. O-O O-O 6. Nbd2 c5 7. c3 Nc6 8. Qc2
b5 9. e4 Bb7 10. Re1 Qc7 11. b4 cxb4 12. Bb2 Rac8 13. Rac1 dxe4 14. dxe4 bxc3
15. Bxc3 h6 16. Bxf6 Bxf6 17. e5 Bd8 18. Nd4 Nxd4 19. Qxc7 Rxc7 20. Rxc7 Bxc7
21. Bxb7 Rb8 22. Bg2 Kf8 23. f4 Bb6 24. Kf1 Ba5 25. Rd1 Nc2 26. Ke2 Rd8 27. Nb3
Rxd1 28. Kxd1 Ne3+ 29. Ke2 Bb6 30. Bc6 Nd5 31. Kf3 b4 32. Nd2 Nc3 33. Nc4 Bc5
34. Na5 Nxa2 35. Nb3 Bb6 36. Bb5 a5 37. Bc4 Nc3 38. Nd2 Ke7 39. Bb3 Kd7 40. Nc4
Kc6 41. Nb2 Bd4 42. Bc2 Kc5 43. Nd3+ Kb5 44. Nb2 a4 45. Bd3+ Kc5 46. Bc4 a3 47.
Nd3+ Kxc4 0-1

[Event "5. HSK Oster-Open 2019"]
[Site "Hamburg"]
[Date "2019.04.19"]
[Round "1.25"]
[White "Atri, Jamshid"]
[Black "Sickmann, Lisa"]
[Result "1/2-1/2"]
[WhiteElo "1942"]
[BlackElo "1382"]
[PlyCount "58"]
[EventDate "2019.04.19"]

1. e4 c5 2. Nf3 e6 3. d4 cxd4 4. Nxd4 a6 5. c4 Qc7 6. Nc3 Bb4 7. Qb3 Ba5 8. Bd2
Nf6 9. Bd3 d6 10. O-O Nbd7 11. Qa3 Ne5 12. Be2 Bxc3 13. Bxc3 Nxe4 14. Bb4 Nxc4
15. Nb5 Qb8 16. Bxc4 axb5 17. Bxb5+ Bd7 18. Bxd7+ Kxd7 19. Qd3 Nf6 20. Qb5+ Ke7
21. Rfd1 Rd8 22. Rd3 Kf8 23. a4 Kg8 24. Re1 Nd5 25. Ba3 Qa7 26. Re4 Qa6 27. Qb3
Qc6 28. Rc4 Qa6 29. Rg4 Qc6 1/2-1/2

[Event "5. HSK Oster-Open 2019"]
[Site "Hamburg"]
[Date "2019.04.19"]
[Round "1.27"]
[White "Schulze, Mario"]
[Black "Echt, Pascal"]
[Result "1-0"]
[WhiteElo "1932"]
[BlackElo "1372"]
[PlyCount "47"]
[EventDate "2019.04.19"]

1. e4 e5 2. Nf3 Nc6 3. Bc4 Bc5 4. c3 Nf6 5. d4 exd4 6. cxd4 Bb4+ 7. Nc3 Nxe4 8.
O-O Bxc3 9. d5 Bf6 10. Re1 Ne7 11. Rxe4 d6 12. Bg5 Bf5 13. Bb5+ Bd7 14. Bxf6
gxf6 15. Nd4 Kf8 16. Qd2 h6 17. Rae1 Ng6 18. Bd3 Kg7 19. R4e3 Qf8 20. Bxg6 Kxg6
21. Rg3+ Kh7 22. Qd3+ f5 23. Nxf5 Rg8 24. Ne7+ 1-0

[Event "5. HSK Oster-Open 2019"]
[Site "Hamburg"]
[Date "2019.04.19"]
[Round "1.28"]
[White "Fuhrmann, Jeppe"]
[Black "Reher, Wolfgang"]
[Result "0-1"]
[WhiteElo "1365"]
[BlackElo "1906"]
[PlyCount "58"]
[EventDate "2019.04.19"]

1. e4 e6 2. d4 b6 3. Nf3 Bb7 4. Bd3 c5 5. O-O Nf6 6. e5 Nd5 7. c3 f5 8. Re1 Be7
9. Bd2 O-O 10. c4 Nb4 11. Bxb4 cxb4 12. Bc2 a5 13. a4 g5 14. h3 h5 15. Qd3 Qe8
16. Re2 g4 17. hxg4 hxg4 18. Nh2 Qh5 19. Qg3 Bh4 20. Qf4 Bg5 21. Qg3 Kg7 22. f3
Nc6 23. fxg4 fxg4 24. Re4 Ne7 25. Rxg4 Kh6 26. Nf3 Bxf3 27. gxf3 Nf5 28. Qh2
Qxh2+ 29. Kxh2 Ne3 0-1

[Event "5. HSK Oster-Open 2019"]
[Site "Hamburg"]
[Date "2019.04.19"]
[Round "1.29"]
[White "Christensen, Andreas"]
[Black "Lu, Yunong Elias"]
[Result "1-0"]
[WhiteElo "1841"]
[BlackElo "1358"]
[PlyCount "71"]
[EventDate "2019.04.19"]

1. e4 e5 2. Nf3 Nc6 3. Bc4 Bc5 4. c3 Nf6 5. d3 d6 6. Bb3 O-O 7. h3 h6 8. Nbd2
Be6 9. Nf1 a5 10. g4 a4 11. Bxa4 Ne7 12. Nh4 c6 13. Nf5 Nxf5 14. gxf5 Bd7 15.
Bb3 Qb6 16. Be3 Bxe3 17. Nxe3 Qd8 18. Qf3 Qe7 19. Rg1 Kh8 20. O-O-O Rg8 21. Ng4
c5 22. Kb1 Ba4 23. Bxa4 Rxa4 24. b3 Ra6 25. Rd2 b5 26. Qe3 Nxg4 27. hxg4 c4 28.
dxc4 bxc4 29. b4 Qa7 30. Qxa7 Rxa7 31. Rxd6 Rga8 32. Rd2 Ra3 33. Rc1 g6 34.
fxg6 fxg6 35. Rcc2 Rf8 36. Rd5 1-0

[Event "5. HSK Oster-Open 2019"]
[Site "Hamburg"]
[Date "2019.04.19"]
[Round "1.32"]
[White "Grotrian, Pauline"]
[Black "Grabbel, Lennart Christian"]
[Result "0-1"]
[WhiteElo "1309"]
[BlackElo "1819"]
[PlyCount "72"]
[EventDate "2019.04.19"]

1. e4 c5 2. Nf3 e6 3. Nc3 a6 4. g3 b5 5. a3 Bb7 6. d3 Be7 7. Bg2 d6 8. O-O Nf6
9. Re1 Nbd7 10. Be3 O-O 11. Qd2 Qc7 12. Re2 Rfd8 13. Rae1 Rac8 14. Qc1 Nb6 15.
Nd2 d5 16. exd5 Nfxd5 17. Nxd5 Nxd5 18. Ne4 Nxe3 19. Rxe3 Bc6 20. b3 Qb7 21. c4
f5 22. cxb5 axb5 23. Nxc5 Bxc5 24. Qxc5 Bxg2 25. Qe5 Bd5 26. d4 Rc2 27. b4 Ra8
28. R3e2 Rxe2 29. Rxe2 Rxa3 30. Re1 h6 31. Rc1 Qc6 32. Qb8+ Kh7 33. Re1 Bh1 34.
Kf1 Ra2 35. Re2 Qg2+ 36. Ke1 Qg1# 0-1